000
00244nam a2200097Ia 4500
005
20251222114417.0
008
251222s1900||||xx |||||||||||||| ||spa||
082
_a
DVD0060/W79/2007
245
0
_a
Woody Allen: cinco obras de colección:
942
_c
DVD
999
_c
2261
_d
2261